00860cam a2200289 a 45000010006000000050017000060080041000230350023000640400025000870160016001120200015001280290021001430350020001640550028001840820011002120490009002231000024002322450047002562600050003033000021003536500008003746500035003829420012004179940014004299990019004439520108004623976220230411085955.0010530s2000 quc 000 1 fre  a(OCoLC)ocm47073863 aNLCbfrecNLCdOCLCQ a20010064044 z29227520020 aNLCb20010064044 a(OCoLC)4707386300a110 PQ 3949bD228a 200000a843/.6 aGRAL1 aDary, Henri,d1950-13aUn amour disputé :broman /cHenri Dary. aSaint-Leonard, Qc :bEditions Metuca,cc2000. a232 p. ;c21 cm. 4aCEH 4aColección Estudios Haitianos 2lcccbk aC0bDRFGD c110292d110292 00102lcc40708APTaBJBbBJBcAPTd2023-04-11l0p00000040717r2019-02-17 00:00:00t1w2019-02-17ybk